000 00407nam a2200181Ia 4500
001 10230
003 GE_BSU
008 181216s||||||||xx |||||||||||||| ||und||
040 _cGE_BSU
245 _aLe Point №2176. 29 mai 2014.
245 _b№2176.
245 _cl'editorial de Franz-Olivier Giesbert
260 _aParis
260 _c2014
300 _a98p.27cm.
653 _aLe Point
942 _cCR
999 _c43499
_d43499